| 000 | 00657cam a2200241 a 4500 | ||
|---|---|---|---|
| 001 | 14845230 | ||
| 005 | 20180312085117.0 | ||
| 008 | 070510s2007 vau 001 0 eng | ||
| 010 | _a 2007928608 | ||
| 020 | _a9780963810953 | ||
| 040 |
_aDLC _cDLC |
||
| 041 | _aeng | ||
| 042 | _apcc | ||
| 043 | _an-us--- | ||
| 080 | _a941 | ||
| 082 | _2941 SAL | ||
| 100 | 1 | _a16 | |
| 101 | _aHIS | ||
| 245 | 1 | 0 |
_aEverything I want to do is illegal / _cby Joel Salatin. |
| 906 |
_a7 _bcbc _corignew _d2 _eepcn _f20 _gy-gencatlg |
||
| 942 |
_2ddc _cBK |
||
| 999 |
_c44753 _d44753 |
||